the 20 biggest cities in Iran - Map - Statistics

General Stats
  • This quiz has been taken 332 times
  • The average score is 12 of 20
Answers on the Map
Answers color-coded by a green-red scale on the quiz's map according to % correct below.
 
Answer Stats
City Population % Correct
Tehran 8,693,706
99%
Isfahan 1,961,260
92%
Mashhad 3,001,184
91%
Tabriz 1,558,693
90%
Qom 1,201,158
87%
Shiraz 1,565,572
86%
Ahvaz 1,184,788
73%
Kerman 537,718
66%
Kermanshah 946,651
60%
Bandar Abbas 526,648
58%
Karaj 1,592,492
56%
Urmia 736,224
47%
Rasht 679,995
46%
Yazd 529,673
46%
Zahedan 587,730
46%
Ardabil 529,374
42%
Hamadan 554,406
37%
Zanjan 430,871
34%
Arak 520,944
33%
Eslamshahr 448,129
24%
No matching quizzes found
Score Distribution
Percent of People with Each Score
Percentile by Number Answered
Your Score History
You have not taken this quiz